000 01442cam a22003977a 4500
003 CHAP
005 20220329142629.0
008 020617d2002 mx b r 00110 spa d
010 _a85877
011 _a86849
035 _a97389
040 _cCHAP
090 _aTesis
100 0 0 _aGarcía Díaz, Gaudencio.
_945934
245 1 0 _aLLuvias máximas y escurrimientos superficiales en zonas tropicales con fines de drenaje superficial
_c/por Gaudencio García Díaz
260 _aChapingo, Méx. :
_bEl autor,
_c2002.
300 _a89 h. :
_bgrafs, ; cuadros, ; mapas. ; anexos
502 _aTesis (Ing. Agr. Esp. en Irrigacion) -- UACH. Departamento de Irrigación
590 _aALEPH
_b10
_c20130110
_lUCH01
_h1447
590 _aBATCH-UPD
_b10
_c20130110
_lUCH01
_h0602
590 _aBATCH-UPD
_b10
_c20130410
_lUCH01
_h0244
590 _aBATCH-UPD
_b10
_c20130914
_lUCH01
_h1221
590 _aCONVERSION
_b10
_c20130109
_lUCH01
_h1348
650 1 4 _aDrenaje.
_934190
650 1 4 _aEscurrimiento.
_937675
650 1 4 _aLluvia
_xEfecto en agricultura.
_967320
650 1 4 _aLluvia
_xEfecto en suelos.
_967322
650 1 4 _aLluvia
_xMedición.
_967325
650 1 4 _aLluvia
_xTrópicos.
_967340
650 1 4 _aSuelos
_xBalance hídrico.
_9110215
901 _aBK
905 _aMayto Villalobos S.
942 _cFOLL
949 _aTesis
_bBC
_cTES
_d33724000849808
_eTS2
_fc.2
_h39260
_i97389
_si
949 _aTesis
_bBC
_cTES
_d973891
_eTS1
_h39259
_i97389
_sb
999 _c85877
_d85877